Every Governor of Wisconsin - Statistics

General Stats
  • This quiz has been taken 37 times
  • The average score is 12 of 46
Answer Stats
Picture Hint Answer % Correct
R(2011-2019) Scott Walker
94%
D(2019-) Tony Evers
94%
R(1901-1906) Robert M. La Follette Sr.
78%
P(1935-1939) Philip La Follette
72%
R(1931-1933) Philip La Follette
72%
R(1987-2001) Tommy Thompson
61%
D(1959-1963) Gaylord Nelson
56%
D(2003-2011) Jim Doyle
56%
D(1971-1977) Patrick Lucey
33%
R(1878-1882) William E. Smith
33%
R(1872-1874) Cadwallader C. Washburn
28%
R(1979-1983) Lee S. Dreyfus
28%
R(1965-1971) Warren P. Knowles
28%
R(1858-1862) Alexander Randall
22%
D(1977-1979) Martin J. Schreiber
22%
R(2001-2003) Scott McCallum
22%
D(1983-1987) Tony Earl
22%
R(1957-1959) Vernon Wallace Thomson
22%
D(1856-1856) Arthur MacArthur Sr.
17%
R(1862-1864) Edward Salomon
17%
R(1911-1915) Francis E. McGovern
17%
R(1864-1866) James T. Lewis
17%
R(1882-1889) Jeremiah McLain Rusk
17%
R(1862-1862) Louis P. Harvey
17%
R(1866-1872) Lucius Fairchild
17%
D(1848-1852) Nelson Dewey
17%
R(1951-1957) Walter J. Kohler Jr.
17%
R(1929-1931) Walter J. Kohler Sr.
17%
D(1933-1935) Albert G. Schmedeman
11%
R(1856-1858) Coles Bashford
11%
R(1897-1901) Edward Scofield
11%
R(1915-1921) Emanuel L. Philipp
11%
R(1927-1929) Fred R. Zimmerman
11%
D(1891-1895) George Wilbur Peck
11%
R(1876-1878) Harrison Ludington
11%
R(1906-1911) James O. Davidson
11%
R(1921-1927) John J. Blaine
11%
D(1963-1965) John W. Reynolds Jr.
11%
R(1939-1943) Julius P. Heil
11%
W(1852-1854) Leonard J. Farwell
11%
R(1947-1951) Oscar Rennebohm
11%
R(1943-1947) Walter Samuel Goodland
11%
D(1854-1856) William A. Barstow
11%
R(1889-1891) William D. Hoard
11%
R(1895-1897) William H. Upham
11%
D(1874-1876) William Robert Taylor
11%
No matching quizzes found
Score Distribution
Percent of People with Each Score
Percentile by Number Answered
Your Score History
You have not taken this quiz